| 000 | 00707nam a2200301Ia 4500 | ||
|---|---|---|---|
| 008 | 160525s9999||||xx |||||||||||||| ||und|| | ||
| 040 | _cMarathi | ||
| 082 | _aXV.G/Shivaji | ||
| 082 | _bBORI-55588 | ||
| 100 | _aP. B. Desai | ||
| 245 | _aShiv-Charitra-Vrutta-Sangraha | ||
| 260 | _aPune | ||
| 260 | _bDatto Waman Potdar | ||
| 300 | _a77+11 | ||
| 300 | _bFirst | ||
| 300 | _cB | ||
| 300 | _ePaperback | ||
| 530 | _bPatwardhan | ||
| 530 | _u00055588.pdf | ||
| 563 | _aRef | ||
| 600 | _aP. B. Desai | ||
| 630 | _aShiv-Charitra-Vrutta-Sangraha | ||
| 650 | _aBiography | ||
| 650 | _aReference | ||
| 700 | _aP. B. Desai | ||
| 730 | _aShiv-Charitra-Vrutta-Sangraha | ||
| 942 | _cBOOK | ||
| 999 |
_c1380592 _d1380589 |
||